Normal view
MARC view
- BUSINESS ENTERPRISES FINANCE ACC NO-30479
Entry Topical Term
001 - CONTROL NUMBER
- control field: 73995
003 - CONTROL NUMBER IDENTIFIER
- control field: NUST
005 - DATE AND TIME OF LATEST TRANSACTION
- control field: 20210628205120.0
008 - FIXED-LENGTH DATA ELEMENTS
- fixed length control field: 210628|| aca||aabn | a|a d
040 ## - CATALOGING SOURCE
- Original cataloging agency: NUST
- Transcribing agency: NUST
150 ## - HEADING--TOPICAL TERM
- Topical term or geographic name entry element: BUSINESS ENTERPRISES FINANCE ACC NO-30479
670 ## - SOURCE DATA FOUND
- Source citation: Work cat.: (NUST): Kretlow, W. J Moyer, R. Charles Mcguigon, J. R 73994, Contemporary financial management, 1992
